Discursos de la descentralización y la necesidad de una ética de la discusión y de la responsabilidad /
保存先:
| 第一著者: | |
|---|---|
| フォーマット: | テキスト |
| 主題: | |
| タグ: |
タグ追加
タグなし, このレコードへの初めてのタグを付けませんか!
|
MARC
| LEADER | 00000 a a2200000 04500 | ||
|---|---|---|---|
| 001 | 4190 | ||
| 003 | |||
| 040 | |||
| 090 | |a REV0229 (114) 2000 | ||
| 100 | |a Rivera Araya, Roy | ||
| 245 | |a Discursos de la descentralización y la necesidad de una ética de la discusión y de la responsabilidad / |c Roy Rivera Araya | ||
| 650 | |a DESCENTRALIZACION | ||
| 650 | |a POLITICA | ||
| 773 | |g número 114; páginas 55-67 | ||
| 999 | |c 22273 |d 22273 | ||
